000 00365nam a22001217a 4500
040 _cSY
082 _a62
100 _aDANIDA
245 _aវិធីសាស្រ្តការអភិវឌ្ឍន៍ និងបរិស្ថានសាស្រ្តរបស់គ្រាប់ពូជ
260 _aRUA
_bDAN
_c2002
300 _a29p.
942 _cKB
999 _c9552
_d9552